| 000 | 00828nam a2200229 i 4500 | ||
|---|---|---|---|
| 001 | 21838 | ||
| 003 | ES-MaACL | ||
| 005 | 20250902093543.0 | ||
| 007 | t| | ||
| 008 | 021128s1972 sp ||||1| spa d | ||
| 100 | 1 |
_aAleixandre Tena, Francisca. _919694 |
|
| 245 | 1 | 0 |
_aCatálogo de la biblioteca de la Real Sociedad Economica de Amigos del País / _cFrancisca Aleixandre Tena ; prólogo de Joaquín Maldonado Almenar. |
| 260 |
_aValencia : _b[s.n., _c1972] ( _fArt. Gráf. Soler) |
||
| 300 |
_aXII, 567 p. ; _c24 cm. |
||
| 490 | 1 | _aArxius i documents | |
| 700 | 1 |
_aMaldonado Almenar, Joaquín. _975721 |
|
| 710 | 2 |
_aReal Sociedad Económica de Amigos del País de Valencia _9141784 |
|
| 830 | 0 |
_aArxius i documents _9180777 |
|
| 852 |
_aES-MaACL _jC-48908 _bR.84421 |
||
| 942 | _2udc | ||
| 999 |
_c21838 _d21838 |
||